000 00630nam a2200229Ia 4500
003 OSt
005 20230405094850.0
008 210423s2002 xx 000 0 und d
020 _a9780198776178
040 _cAL
041 _aeng
082 _a339.3
_223
_bHEIB
100 _aHEIJDRA (Ben J);DER PLOEG (Frederick Van)
_982972
245 _aFoundation of modern macroeconomics
260 _aOxford
_bOxford University Press
_c2002
300 _axxv,751
_bPB
365 _b2375
_cINR
650 _aEconomics
_982973
650 _aMacroeconomics
_982974
906 _aFoundation ; macroeconomics ; modern
942 _2ddc
_cBK
999 _c156841
_d156841